000 00332nam a2200133 i 4500
001 bg
100 1 _aLARISA-MEYER, Ewa
245 0 _aZbiór zadań z gospodarki elektroenergetycznej /
_cEwa Larisa-Meyer.
260 _aKielce,
_c1973.
040 _cBPK
041 _apol
942 _cKS
008 s pl f |000 0 pol
999 _c25979
_d25979
856 _uhttp://koha.tu.koszalin.pl/cgi-bin/koha/opac-detail.pl?biblionumber=25979
_yKatalog online BPK